| 000 | 00318nam a22001217a 4500 | ||
|---|---|---|---|
| 082 | _a621.3 JAC | ||
| 100 |
_aJACOBOWITZ, HENRY _980451 |
||
| 245 | _aHOW TO SOLVE PROBLEMS IN ELECTRICITY AND ELECTRONICS | ||
| 260 |
_aUSA _bJOHN RIDER _c1962 |
||
| 300 | _a170P | ||
| 650 |
_aELECTRONICS ELECTRICITY _980452 |
||
| 942 | _cBK | ||
| 999 |
_c585380 _d585380 |
||